John Lennon Discography - Statistics

General Stats
  • This quiz has been taken 235 times
    230 since last reset
  • The average score is 8 of 11
Answer Stats
Year Answer % Correct
1971 Imagine
95%
1980 (with Yoko Ono) Double Fantasy
92%
1970 John Lennon/Plastic Ono Band
91%
1973 Mind Games
84%
1984 (with Yoko Ono; posthumous) Milk and Honey
77%
1968 (with Yoko Ono) Unfinished Music No. 1: Two Virgins
76%
1974 Walls and Bridges
75%
1975 Rock 'n' Roll
67%
1972 (with Yoko Ono) Some Time in New York City
64%
1969 (with Yoko Ono) Wedding Album
56%
1969 (with Yoko Ono) Unfinished Music No. 2: Life With the Lions
39%
No matching quizzes found
Score Distribution
Percent of People with Each Score
Percentile by Number Answered
Your Score History
You have not taken this quiz since the last reset